Úvod do problematiky cash flow

Základné prístupy a teória cash flow. Podvojné účtovníctvo ako základ pre cash flow. Základné princípy cash flow a väzby na ďalšie výkazy - súvahu a výkaz ziskov a strát. Výpočet cash flow. Metódy cash flow: čistá priama metóda, náhradná priama metóda, nepriama metóda. Transformácia údajov z podvojn...

Ausführliche Beschreibung

Gespeichert in:
Bibliographische Detailangaben
1. Verfasser: Ryneš, P.
Format: Buchkapitel
Sprache:Tschechisch
Schlagworte:
Tags: Tag hinzufügen
Keine Tags, Fügen Sie das erste Tag hinzu!

MARC

LEADER 00000naa a2200000 4500
001 r027277
005 20230913081316.9
041 0 |a cze 
044 |a CZ 
245 1 0 |a Úvod do problematiky cash flow  |c P. Ryneš 
520 |a Základné prístupy a teória cash flow. Podvojné účtovníctvo ako základ pre cash flow. Základné princípy cash flow a väzby na ďalšie výkazy - súvahu a výkaz ziskov a strát. Výpočet cash flow. Metódy cash flow: čistá priama metóda, náhradná priama metóda, nepriama metóda. Transformácia údajov z podvojného účtovníctva do cash flow. 
610 2 0 |a cash flow 
610 2 0 |a účtovníctvo podvojné 
610 2 0 |a výkazy účtovné 
100 1 |a Ryneš, P.